00641nam a2200193Ia 4500008004100000020001800041082001600059100002100075245003500096250000800131260007000139300003100209500001900240600001500259650001500274942000700289952013400296999001700430240925s9999 xx 000 0 und d a9780071077392 a658.314 BER aBerger, A. Lance 4aThe Talent Management Handbook a2nd aNew Delhi:bMcGraw Hill Education (India) Private Limitedc,2011. axxiii, 712p.bNAfOriginal aIncludes Index aManagement aManagement cBK 001040708MANaUITUbUITUd2019-01-21eAllied Book Companyg988.00l0o658.314 BERpQ14045r2024-09-25 07:17:08w2024-09-25yBK c16544d16544